Studies in Philippians. (Record no. 5867)

000 -LEADER
fixed length control field 00704nam a2200205 a 4500
001 - CONTROL NUMBER
control field :::00003609$&:&@@
003 - CONTROL NUMBER IDENTIFIER
control field OkBaRHE
005 - DATE AND TIME OF LATEST TRANSACTION
control field 20100401125025.0
008 - FIXED-LENGTH DATA ELEMENTS--GENERAL INFORMATION
fixed length control field s1977 j 000 0 eng u
020 ## - INTERNATIONAL STANDARD BOOK NUMBER
International Standard Book Number 0825432162
040 ## - CATALOGING SOURCE
Transcribing agency
245 10 - TITLE STATEMENT
Title Studies in Philippians.
Statement of responsibility, etc By H. C. G. Moule.
260 ## - PUBLICATION, DISTRIBUTION, ETC. (IMPRINT)
Place of publication, distribution, etc Grand Rapids, MI., :
Name of publisher, distributor, etc Kregel Publications
Date of publication, distribution, etc 1977
300 ## - PHYSICAL DESCRIPTION
Extent 136 p. ;
Dimensions 19 cm.
490 0# - SERIES STATEMENT
Series statement Kregel popular commentary series
650 ## - SUBJECT ADDED ENTRY--TOPICAL TERM
Topical term or geographic name as entry element Bible New Testament Philippians
General subdivision Commentaries
700 ## - ADDED ENTRY--PERSONAL NAME
Personal name Moule, Handley Carr Glyn, Bp. of Durham, 1841-1920.
942 ## - ADDED ENTRY ELEMENTS (KOHA)
Source of classification or shelving scheme
Koha item type Books
Copies
Permanent Location Barcode Source of classification or shelving scheme Copy number Lost status Withdrawn status Date acquired Date last seen Price effective from Koha item type Full call number Damaged status Not for loan Shelving location
RHEMA Bible Training College3609 1  2010-04-142018-04-032010-04-14BooksBS 2703 .M68 1977  General Stacks